MARC

LEADER 00000nam0a2200000 4500
001 73264
005 20231101212709.0
010 |a 5724500140 
035 |a (RuTPU)RU\TPU\book\78159 
090 |a 73264 
100 |a 20050212d1988 m y0rusy50 ca 
101 0 |a rus 
102 |a RU 
105 |a a j 001zy 
200 1 |a Основные процессы резинового производства  |e учебное пособие  |f В. С. Шеин, Ю. Ф. Шутилин, А. П. Гриб 
210 |a Ленинград  |c Химия  |d 1988 
215 |a 159 с.  |c ил. 
320 |a Библиогр.: с. 157 
320 |a Предм. указ.: с. 158-160 
606 |a Резиновая промышленность  |2 stltpush  |3 (RuTPU)RU\TPU\subj\24643  |9 48950 
610 1 |a резиновое производство 
610 1 |a учебные пособия 
610 1 |a резиновые смеси 
610 1 |a вулканизация 
610 1 |a каучуки 
675 |a 678.4(075.8)  |v 3 
700 1 |a Шеин  |b В. С.  |g Владимир Сергеевич 
701 1 |a Шутилин  |b Ю. Ф.  |g Юрий Федорович 
701 1 |a Гриб  |b А. П.  |g Алексей Петрович 
801 1 |a RU  |b 63413507  |c 20050212  |g PSBO 
801 2 |a RU  |b 63413507  |c 20201028  |g PSBO 
942 |c BK